| 000 | 00625nam a2200181 i 4500 | ||
|---|---|---|---|
| 001 | 64593 | ||
| 003 | ES-MaACL | ||
| 005 | 20231229062542.0 | ||
| 007 | t| | ||
| 008 | 031230s1961 sp ||||1| spa d | ||
| 100 | 1 |
_aFontrodona Vilanova, Mariano. _951652 |
|
| 245 | 1 | 0 |
_aNarradores italianos contemporáneos y otros ensayos / _cMariano Fontrodona Vilanova ; prólogo de Federico Carlos Sáinz de Robles. |
| 260 |
_aBarcelona : _bDalmau y Jover, _c1961. |
||
| 300 |
_a164 p. ; _c16 cm. |
||
| 700 | 1 |
_aSainz de Robles, Federico Carlos, _d1898-1982 _9101593 |
|
| 852 |
_aES-MaACL _jC-20259 _bR.48265 |
||
| 999 |
_c64593 _d64593 |
||